Drug smuggling: the problem and efforts to curb it

Guardado en:  
Detalles Bibliográficos
Autor principal: Stewart, Alva W. (Autor)
Tipo de documento: Print Libro
Lenguaje:Inglés
Publicado: Monticello, Ill. Vance Bibliogr. 1986
En: Public administration series (1845)
Año: 1986
Disponibilidad en Tübingen:Disponible en Tübingen.
UB: KB 7 E 802
Verificar disponibilidad: HBZ Gateway
Servicio de pedido Subito: Pedir ahora.
Palabras clave:

MARC

LEADER 00000cam a2200000 c 4500
001 271872357
003 DE-627
005 20230426164440.0
007 tu
008 990101s1986 xx ||||| b 00| ||eng c
020 |a 0890287155  |9 0-89028-715-5 
035 |a (DE-627)271872357 
035 |a (DE-576)020925255 
035 |a (DE-599)GBV271872357 
035 |a (OCoLC)246693425 
035 |a (OCoLC)12989732 
040 |a DE-627  |b ger  |c DE-627  |e rakwb 
041 |a eng 
100 1 |a Stewart, Alva W.  |4 aut 
245 1 0 |a Drug smuggling  |b the problem and efforts to curb it 
264 1 |a Monticello, Ill.  |b Vance Bibliogr.  |c 1986 
300 |a 12 S. 
336 |a Text  |b txt  |2 rdacontent 
337 |a ohne Hilfsmittel zu benutzen  |b n  |2 rdamedia 
338 |a Band  |b nc  |2 rdacarrier 
490 1 |a Public administration series  |a Bibliography  |v P 1845 
583 1 |a Archivierung prüfen  |c 20200919  |f DE-640  |z 2  |2 pdager 
655 7 |a Bibliografie  |0 (DE-588)4006432-3  |0 (DE-627)104814519  |0 (DE-576)208865578  |2 gnd-content 
830 0 |a Public administration series  |v 1845  |9 1845  |w (DE-627)130744360  |w (DE-576)007930119  |w (DE-600)987018-0  |x 0193-970X  |7 am 
951 |a BO 
ELC |b 1 
LOK |0 000 xxxxxcx a22 zn 4500 
LOK |0 001 3340415536 
LOK |0 003 DE-627 
LOK |0 004 271872357 
LOK |0 005 19900706000000 
LOK |0 008 900706||||||||||||||||ger||||||| 
LOK |0 040   |a DE-21  |c DE-627  |d DE-21 
LOK |0 852   |a DE-21 
LOK |0 852 1  |c KB 7 E 802  |9 00 
LOK |0 935   |a krim 
LOK |0 936ln  |a k1 
LOK |0 939   |a 06-07-90  |b l01 
ORI |a SA-MARC-krimdoka001.raw 
SIG |a UB: KB 7 E 802